| 000 | 00426cam a22001217a 4500 | ||
|---|---|---|---|
| 008 | 180718b2010 xxu||||| |||| 00| 0 eng d | ||
| 020 | _a9788123758541 | ||
| 082 | _aPx54 Sh92i | ||
| 100 | _aShukla, Rajesh | ||
| 245 |
_aIndian youth demographics and readership: Results from the national youth readership survey _cBy. Rajesh Shukla |
||
| 260 |
_aNew Delhi _bNational Council of Applied Economic Research _c2010 |
||
| 300 | _a151p. | ||
| 999 |
_c503178 _d503178 |
||